Edible flowers : (Record no. 4025)

MARC details
000 -LEADER
fixed length control field 00613nam a22001937a 4500
003 - CONTROL NUMBER IDENTIFIER
control field OSt
005 - DATE AND TIME OF LATEST TRANSACTION
control field 20250818072314.0
008 - FIXED-LENGTH DATA ELEMENTS--GENERAL INFORMATION
fixed length control field 250818b |||||||| |||| 00| 0 eng d
020 ## - INTERNATIONAL STANDARD BOOK NUMBER
International Standard Book Number 1-903141-65-6.
040 ## - CATALOGING SOURCE
Original cataloging agency DWCL MAIN LIB
Transcribing agency OC
082 ## - DEWEY DECIMAL CLASSIFICATION NUMBER
Classification number Circ. 641.659 B877e 2008
100 ## - MAIN ENTRY--PERSONAL NAME
Personal name BROWN, KATHY
245 ## - TITLE STATEMENT
Title Edible flowers :
Remainder of title 25 recipes and an A-Z pictorial directory of culinary flora /
Statement of responsibility, etc. BROWN, KATHY
260 ## - PUBLICATION, DISTRIBUTION, ETC.
Place of publication, distribution, etc. London :
Name of publisher, distributor, etc. Aquamarine,
Date of publication, distribution, etc. c2008.
300 ## - PHYSICAL DESCRIPTION
Extent 160 pages :
Other physical details color illustrations ;
Dimensions 30 cm.
504 ## - BIBLIOGRAPHY, ETC. NOTE
Bibliography, etc. note Includes index.
648 ## - SUBJECT ADDED ENTRY--CHRONOLOGICAL TERM
Source of heading or term Cooking--Flowers.
942 ## - ADDED ENTRY ELEMENTS (KOHA)
Source of classification or shelving scheme Dewey Decimal Classification
Koha item type Book Circulation
Call number prefix Circ.
Suppress in OPAC No
952 ## - LOCATION AND ITEM INFORMATION (KOHA)
--
Holdings
Withdrawn status Lost status Source of classification or shelving scheme Damaged status Not for loan Home library Current library Shelving location Date acquired Source of acquisition Total Checkouts Full call number Barcode Date last seen Copy number Price effective from Koha item type Uniform Resource Identifier
    Dewey Decimal Classification     College Library HM & Nursing Library Circulation 10/08/2015 Donation   Circ. 641.659 B877e 2008 CL51202 08/18/2025 c1 08/18/2025 BK-CIRC K